Rozpočtová politika SR v roku 1995. 2

Kapitálové výdavky štátneho rozpočtu Slovenskej republiky v r. 1995. Návrhy na zlepšenie hospodárenia s prostriedkami rozpočtu.

Gespeichert in:
Bibliographische Detailangaben
1. Verfasser: Baránik, Michal
Format: Buchkapitel
Sprache:Slowakisch
Schlagworte:
Tags: Tag hinzufügen
Keine Tags, Fügen Sie das erste Tag hinzu!

MARC

LEADER 00000naa a2200000 4500
001 r022426
005 20230801104323.8
041 0 |a slo 
044 |a SK 
245 1 0 |a Rozpočtová politika SR v roku 1995. 2  |c Michal Baránik 
520 |a Kapitálové výdavky štátneho rozpočtu Slovenskej republiky v r. 1995. Návrhy na zlepšenie hospodárenia s prostriedkami rozpočtu. 
610 2 0 |a politika rozpočtová 
610 2 0 |a Slovensko 
610 2 0 |a 1995 
610 2 0 |a rozpočet štátny 
610 2 0 |a politika hospodárska 
610 2 0 |a výdavky rozpočtu štátneho 
100 1 |a Baránik, Michal